| 000 | 01255nac a22002531u 4500 | ||
|---|---|---|---|
| 008 | 091105t xxu||||| |||| 00| 0 eng d | ||
| 010 | _a 2006050477 | ||
| 020 | _a084934199X | ||
| 082 | 0 | 0 |
_a621.395 _bVLS |
| 100 |
_a _99204 |
||
| 245 | 0 | 4 |
_aThe VLSI Handbook / _cEdited by Wai-Kai Chen. |
| 250 | _a2nd ed. | ||
| 260 |
_aBoca Raton, FL : _bCRC/Taylor & Francis, _cc2007. |
||
| 300 |
_aVarious p. : _c32 cm. |
||
| 490 | 0 |
_aElectrical engineering handbook series ; _v38 |
|
| 504 | _aIncludes bibliographical references and index. | ||
| 650 | 0 |
_aIntegrated circuits _xVery large scale integration. _99205 |
|
| 700 | 1 |
_aChen, Wai-Kai, _d1936- _99206 |
|
| 856 | 4 | 2 |
_3Publisher description _uhttp://www.loc.gov/catdir/enhancements/fy0703/2006050477-d.html |
| 942 |
_cREFERENCE _k621.395CHE _2ddc |
||
| 999 |
_c7974 _d7974 |
||